<?xml version="1.0" encoding="UTF-8"?>
<marc:record xmlns:marc="http://www.loc.gov/MARC21/slim">
   <marc:leader>00000nam a2200000 a 4500</marc:leader>
   <marc:datafield ind1="1" ind2=" " tag="100">
      <marc:subfield code="a">Kindersley, Dorling</marc:subfield>
      <marc:subfield code="4">aut</marc:subfield>
      <marc:subfield code="e">Verfasser/-in</marc:subfield>
   </marc:datafield>
   <marc:datafield ind1=" " ind2=" " tag="653">
      <marc:subfield code="a">Tiere</marc:subfield>
   </marc:datafield>
   <marc:datafield ind1=" " ind2=" " tag="653">
      <marc:subfield code="a">Lernen</marc:subfield>
   </marc:datafield>
   <marc:datafield ind1=" " ind2=" " tag="653">
      <marc:subfield code="a">Kindersachbuch</marc:subfield>
   </marc:datafield>
   <marc:datafield ind1=" " ind2=" " tag="653">
      <marc:subfield code="a">Bilderbuch</marc:subfield>
   </marc:datafield>
   <marc:datafield ind1=" " ind2=" " tag="653">
      <marc:subfield code="a">Wörterbuch</marc:subfield>
   </marc:datafield>
   <marc:datafield ind1=" " ind2=" " tag="653">
      <marc:subfield code="a">Sprachen lernen</marc:subfield>
   </marc:datafield>
   <marc:datafield ind1="0" ind2="0" tag="245">
      <marc:subfield code="a">Tiere</marc:subfield>
   </marc:datafield>
   <marc:datafield ind1="0" ind2="0" tag="245">
      <marc:subfield code="b">Bilderwörterbuch zum ersten Wörter lernen ab 1 Jahr</marc:subfield>
   </marc:datafield>
   <marc:datafield ind1=" " ind2="1" tag="264">
      <marc:subfield code="b">DK Verlag Dorling Kindersley</marc:subfield>
      <marc:subfield code="c">2021</marc:subfield>
   </marc:datafield>
   <marc:datafield ind1="1" ind2=" " tag="490">
      <marc:subfield code="a">Erstes Lernen</marc:subfield>
   </marc:datafield>
   <marc:datafield ind1="1" ind2=" " tag="520">
      <marc:subfield code="a">Klappentext: Großes Bildwörterbuch für die Kleinen - mit praktischem Griff-Register! In diesem Kinderbuch ab 1 Jahr gibt es alles rund um Tiere zu entdecken. Ob auf dem Bauernhof, Haustiere oder Tiere der Wildnis - Kleinkinder finden hier viele Tierarten, die sie suchen, betrachten und benennen können. Auf über 180 realen Farbfotos entdecken Kinder unterschiedliche Tiere und lernen dabei ganz spielerisch neue Wörter. Das perfekte Bilderbuch zur Sprachförderung aus der DK Erfolgsreihe "Erstes Lernen" - jetzt im neuen frischen Layout.  Pappbilderbuch mit Griff-Register ab 1 Jahr: Mit dem stabilen Register oben und an der Seite sehen die Kinder alle Themen in bunten Bildern auf einen Blick und können so selbstständig entscheiden, welche Lieblingsseite sie aufschlagen möchten. Dank extrem stabiler Verarbeitung haben Kinderhände hier alles im Griff und ihre Feinmotorik wird dadurch gleichzeitig gefördert. In diesem Bilderbuch gibt es alles rund um Tiere zu entdecken.  Erstes Lernen: Tiere - der ideale Begleiter für Kinder ab 12 Monaten beim Erlernen erster Wörter:  ò Begriffsvielfalt für langen Beschäftigungsspaß ò Über 180 realistische Fotos aus dem Alltag der Kinder zur besseren Orientierung ò Ideal zur Sprachförderung ò Handlich, praktisch, gut  Es gibt so viele Tiere zu entdecken! Das Bildwörterbuch fördert Kleinkinder spielerisch in ihrer Entwicklung. Ideal auch als Geschenk - zum Beispiel zum ersten Geburtstag.</marc:subfield>
   </marc:datafield>
   <marc:datafield ind1=" " ind2=" " tag="020">
      <marc:subfield code="a">9783831044160</marc:subfield>
      <marc:subfield code="9">9783831044160</marc:subfield>
   </marc:datafield>
</marc:record>
